Entre el estigma y la identidad /
Guardat en:
| Autor principal: | |
|---|---|
| Format: | Llibre |
| Idioma: | Spanish |
| Etiquetes: |
Afegir etiqueta
Sense etiquetes, Sigues el primer a etiquetar aquest registre!
|
MARC
| LEADER | 00000nam a22000007a 4500 | ||
|---|---|---|---|
| 003 | cru CRAI/IIS | ||
| 005 | 20210208140547.0 | ||
| 008 | 210208t2004 mx |||||r|||||0|| ||spa|d | ||
| 999 | |c 43594 |d 43594 | ||
| 040 | |c cru CRAI/IIS | ||
| 100 | 1 | |9 9814 |a Pérez Ruiz, Maya Lorena |e Autora | |
| 245 | 1 | |a Entre el estigma y la identidad / |c Maya Lorena Pérez Ruiz | |
| 300 | |a páginas 73-91 | ||
| 773 | 0 | |0 42320 |9 3192 |d México: UNAM; Miguel Angel Porrúa, 2004 |o 18521 |t Los retos culturales de México/ |z 9707015020 | |
| 942 | |2 ddc |c LI | ||



